| 000 | 00000nam##2200000za#4500 |
| 001 | 9.614165 |
| 003 | CaOODSP |
| 005 | 20220111083439 |
| 007 | ta |
| 008 | 150406|1997||||xxc||||| f|0| 0 eng|d |
| 020 | |a0-662-26314-6 |
| 022 | |a1713-0638 |
| 040 | |aCaOODSP|beng |
| 043 | |an-cn--- |
| 086 | 1 |aNE22-1/1997-14E |
| 110 | 1 |aCanada. |bNational Energy Board. |
| 245 | 10|aInterprovincial Pipeline Inc. : |bapplication dated 1 May 1997 for the Line 9 Reversal Project and an application dated 17 July 1997 by United Refining Company for designation of a priority destination on Interprovincial Pipeline Inc |
| 260 | |aCalgary - Alberta : |bNational Energy Board |cDecember, 1997. |
| 300 | |a85p. : |bfigs., tables ; |c28 cm. |
| 490 | 1 |aReasons for decision|x1713-0638 |
| 563 | |aSoftcover |
| 590 | |a98-02|b1998-01-09 |
| 775 | 08|tPipelines Interprovincial Inc : |w(CaOODSP)9.624591 |
| 776 | 0#|tReasons for decision in the matter of Interprovincial Pipe Line Inc. : |w(CaOODSP)9.572519 |
| 830 | #0|aReasons for decision (Canada. National Energy Board)|x1713-0638|w(CaOODSP)9.514808 |
| 986 | |aOH-2-97 |